Учебная практика по развитию цифровых компетенций (профиль Производственный менеджмент) / ДО 2021 (38.03.02): электронный курс
| Yazar: | |
|---|---|
| Müşterek Yazar: | |
| Diğer Yazarlar: | |
| Özet: | Заглавие с экрана Основной целью курса является развитие навыков работы в цифровой среде, освоение программных инструментов для решения задач в профессиональной деятельности. Курс предназначен для студентов, обучающихся по программе бакалавриата в 4 семестре. Курс позволяет студентам получить базовые знание в области компьютерной грамотности, устройстве интернета и поиска информации в нем, мерах безопасности и методах защиты от вредоносных программ, правовых основах работы в сети интернет, источниках информации для проведения исследовательской работы и критериях качества научных публикаций. Особое внимание уделяется практическим навыкам работы в специализированных программных продуктах таких как: Google.Документы, Google.Таблицы/ MS Excel, MS Power Point, освоение которых на базовом уровне необходимо для успешного прохождения основной образовательной программы и дальнейшей работы в профессиональной среде. Также в курсе студенты учатся создавать сайты, используя платформу-конструктор Tilda. Курс использует видео лекции курса ВШЭ «Цифровая грамотность для гуманитарных направлений», размещенные на открытой образовательной платформе «Открытое образование». Интерактивный мультимедиа ресурс AM_Login_TPU |
| Dil: | Rusça |
| Baskı/Yayın Bilgisi: |
Томск, TPU Moodle, 2023
|
| Konular: | |
| Online Erişim: | https://design.lms.tpu.ru/course/view.php?id=4546 |
| Materyal Türü: | MixedMaterials Elektronik Kitap |
| KOHA link: | https://koha.lib.tpu.ru/cgi-bin/koha/opac-detail.pl?biblionumber=670624 |
MARC
| LEADER | 00000nlm0a2200000 4500 | ||
|---|---|---|---|
| 001 | 670624 | ||
| 005 | 20240304104906.0 | ||
| 090 | |a 670624 | ||
| 100 | |a 20240208d2023 m||y0rusy50 ca | ||
| 101 | 0 | |a rus | |
| 102 | |a RU | ||
| 105 | |a a j 000yy | ||
| 135 | |a jrcn ---uucaa | ||
| 181 | 0 | |a i |b e | |
| 182 | 0 | |a b | |
| 183 | 0 | |a cr |2 RDAcarrier | |
| 200 | 1 | |a Учебная практика по развитию цифровых компетенций (профиль Производственный менеджмент) / ДО 2021 (38.03.02) |e электронный курс |f В. В. Татарникова, Н. В. Шаповалова |g Национальный исследовательский Томский политехнический университет, Школа инженерного предпринимательства | |
| 203 | |a Текст |c электронный |b визуальный | ||
| 210 | |a Томск |c TPU Moodle |d 2023 | ||
| 283 | |a online_resource |2 RDAcarrier | ||
| 300 | |a Заглавие с экрана | ||
| 330 | |a Основной целью курса является развитие навыков работы в цифровой среде, освоение программных инструментов для решения задач в профессиональной деятельности. Курс предназначен для студентов, обучающихся по программе бакалавриата в 4 семестре. Курс позволяет студентам получить базовые знание в области компьютерной грамотности, устройстве интернета и поиска информации в нем, мерах безопасности и методах защиты от вредоносных программ, правовых основах работы в сети интернет, источниках информации для проведения исследовательской работы и критериях качества научных публикаций. Особое внимание уделяется практическим навыкам работы в специализированных программных продуктах таких как: Google.Документы, Google.Таблицы/ MS Excel, MS Power Point, освоение которых на базовом уровне необходимо для успешного прохождения основной образовательной программы и дальнейшей работы в профессиональной среде. Также в курсе студенты учатся создавать сайты, используя платформу-конструктор Tilda. Курс использует видео лекции курса ВШЭ «Цифровая грамотность для гуманитарных направлений», размещенные на открытой образовательной платформе «Открытое образование». | ||
| 336 | |a Интерактивный мультимедиа ресурс | ||
| 371 | |a AM_Login_TPU | ||
| 606 | 1 | |a Информационные технологии |9 87954 | |
| 610 | 1 | |a электронный ресурс | |
| 610 | 1 | |a труды учёных ТПУ | |
| 610 | 1 | |a электронное обучение | |
| 610 | 1 | |a кампусные онлайн-курсы | |
| 610 | 1 | |a дистанционное образование | |
| 610 | 1 | |a дистанционное обучение | |
| 610 | 1 | |a e-learning | |
| 610 | 1 | |a Moodle | |
| 610 | 1 | |a компьютерная грамотность | |
| 610 | 1 | |a компьютерная безопасность | |
| 610 | 1 | |a юридическая грамотность в сети | |
| 610 | 1 | |a академическая грамотность | |
| 610 | 1 | |a техническая грамотность | |
| 675 | |a 004(075.8) |v 4 |z rus | ||
| 700 | 1 | |a Татарникова |b В. В. |c экономист |c доцент Томского политехнического университета, кандидат экономических наук |f 1990- |g Валерия Владимировна |3 (RuTPU)RU\TPU\pers\31092 |9 22829 | |
| 701 | 1 | |a Шаповалова |b Н. В. |c экономист |c старший преподаватель Томского политехнического университета, ассистент |f 1980- |g Наталья Владимировна |9 15135 | |
| 712 | 0 | 2 | |a Национальный исследовательский Томский политехнический университет |b Школа инженерного предпринимательства |c (2017- 2023) |9 28341 |
| 801 | 2 | |a RU |b 63413507 |c 20240208 |g RCR | |
| 856 | 4 | |u https://design.lms.tpu.ru/course/view.php?id=4546 |z https://design.lms.tpu.ru/course/view.php?id=4546 | |
| 942 | |c CF | ||